| Поле | Инд. | ПП | Название | Значение |
|---|---|---|---|---|
| Тип записи | a | |||
| Библиографический уровень | b | |||
| 001 | Контрольный номер | RU/IS/BASE/257357736 | ||
| 005 | Дата корректировки | 20200522191212.6 | ||
| 008 | Кодируемые данные | 20080226 | ||
| 040 | b | Код языка каталог. | rus | |
| e | Правила каталог. | PSBO | ||
| 041 | 0_ | a | Код языка текста | rus |
| 084 | a | Индекс другой классификации/Индекс ББК | 82.3(2=411.2)-411в683; 81.411.2-3 | |
| 100 | 1_ | a | Автор | Фролова О. Е. |
| 245 | 10 | a | Заглавие | Пословица: ситуативность, синтаксис, референция |
| 504 | a | Библиография | Библиогр. - Примеч.: с. 45 - 46 | |
| 520 | 0_ | a | Аннотация | Пословица является жанром уникальным по референции. Важнейшие характеристики данного жанра - антропоцентричность, ситуативность и клишированность. Автор рассматривает пословицу в нескольких аспектах: показав, как связана ситуативность с особенностями синтаксиса и референции |
| 650 | 04 | a | Основная рубрика | лексикология |
| a | Основная рубрика | русский язык | ||
| a | Основная рубрика | филологические науки | ||
| a | Основная рубрика | фольклор | ||
| a | Основная рубрика | частное языкознание | ||
| a | Основная рубрика | языкознание | ||
| 653 | 0_ | a | Ключевые слова | антропонимы |
| a | Ключевые слова | именные группы | ||
| a | Ключевые слова | лексика | ||
| a | Ключевые слова | неопределенные местоимения | ||
| a | Ключевые слова | пословицы | ||
| a | Ключевые слова | синтаксис | ||
| a | Ключевые слова | устойчивые выражения | ||
| a | Ключевые слова | русский фольклор | ||
| 773 | 0_ | t | Заглавие источника | Вестник Московского университета. Серия 9, Филология |
| d | Дата издания источника | 2007 | ||
| g | Прочая информация | № 3. - С. 31 - 46 | ||
| w | Контрольный № источника | RU/IS/BASE/238074426 | ||
| 901 | t | Тип документа | b |